| 000 | 00670nam a22002417a 4500 | ||
|---|---|---|---|
| 003 | UA-OsUOA | ||
| 001 | 23043 | ||
| 007 | ta | ||
| 008 | 20040105b un ||||| |||| 00| 0 ukr d | ||
| 100 | _aХанна Мадху | ||
| 090 |
_a294.5 _bХ19 |
||
| 942 | _cBK | ||
| 040 |
_aUA-OsUOA _brus _cUA-OsUOA _dUA-OsUOA |
||
| 245 | _aЯнтра - тантрический символ мирового единства | ||
| 300 |
_a143 с. _bІлюстрації |
||
| 955 | _a0 | ||
| 041 | _arus | ||
| 080 | _a294.5 | ||
| 260 |
_aКиев _bОбщество ведической культурі "Амрита" _c1992 |
||
| 044 | _aUA | ||
| 650 | 7 | _2UDC | |
| 999 |
_c309280 _d309280 |
||